000 00632nam a2200217 i 4500
001 80665
003 ES-MaACL
005 20250514194920.0
007 t|
008 041029s1986 sp ||||1| spa d
020 _a84-7517-193-1
100 1 _aHolan, Vladimir.
_963989
245 1 0 _aDolor /
_cVladimir Holan ; traducción, prólogo y notas de Clara Janés.
260 _aMadrid :
_bHiperión,
_c1986.
300 _a167 p. ;
_c20 cm.
490 1 _aPoesía Hiperión ;
_v95
700 1 _aJanés, Clara
_966012
830 0 _aPoesía Hiperión ;
_v95
_9177326
852 _aES-MaACL
_jD-907
_bR.114428
999 _c80665
_d80665